000 02650nam0a2200409 4500
001 RU\NLR\bibl\1664772
005 20260412063531.0
021 _aRU
_b2010-51893
_93419
035 _a(nilc)RSL-KNO-004705137
035 _a(NLR Aleph) 001656050
090 _a951911
_c951911
100 _a20100705d2010 |||y0rusy50 ca
101 0 _arus
102 _aRU
105 _ay zzzz|||||
200 1 _aСелекция растений
_eкурс лекций для студентов специальности 250201 очной, заочной, очной сокращенной и заочной сокращенной форм обучения
_fР. Н. Матвеева, Л. И. Милютин, Н. П. Братилова
_gФедеральное агентство по образованию, ГОУ ВПО "Сибирский гос. технологический ун-т"
210 _aКрасноярск
_cСибГТУ
_d2010
215 _a88 с.
_d21
313 _aдревесные растения
320 _aБиблиогр.: с. 83-85 (29 назв.)
606 1 _aДревесные растения
_jУчебные издания для высших учебных заведений
_xСелекция
_91018499
_3RU\NLR\auth\66388846
610 0 _aБиологические науки -- Ботаника -- Генетика растений -- Генетические основы селекции -- Лекции для высшей школы
610 0 _aСельское и лесное хозяйство. Сельскохозяйственные и лесохозяйственные науки -- Лесное хозяйство. Лесохозяйственные науки -- Селекция и семеноводство в лесном хозяйстве. Акклиматизация и интродукция -- Селекция и генетика лесных пород -- Лекции для высшей школы
686 _aЕ547я73-2
_2rubbk
686 _aП345.1я73-2
_2rubbk
686 _aП345.1я73-2
700 1 _4070
_7ca
_8rus
_aМатвеева
_bР. Н.
_cд-р с.-х. наук
_f1942-
_gРимма Никитична
_922639
_3RU\NLR\auth\7739655
701 1 _4070
_7ca
_8rus
_aМилютин
_bЛ. И.
_cд-р биол. наук
_f1931-
_gЛеонид Иосифович
_929344
_3RU\NLR\AUTH\7746409
701 1 _aБратилова
_bН. П.
_gНаталья Петровна
_4070
801 0 _aRU
_bРГБ
_c20100705
_grcr
801 1 _aRU
_bРГБ
_c20100705
801 2 _aRU
_bNLR
_c20100817
_grcr
942 _cBOOK
980 _aNB
980 _aNBR